Yatrik: (Record no. 155714)

MARC details
000 -LEADER
fixed length control field 00818nam a22002417a 4500
005 - DATE AND TIME OF LATEST TRANSACTION
control field 20180809143910.0
010 ## - LCCN (DPL NO)
LC control number ENG-123704
020 ## - INTERNATIONAL STANDARD BOOK NUMBER
International Standard Book Number 9789386906311
Terms of availability 695.00
035 ## - SYSTEM CONTROL NUMBER
System control number EN-107236
037 ## - SOURCE OF ACQUISITION
Source of stock number/acquisition DBAD/PUB
082 ## - DEWEY DECIMAL CLASSIFICATION NUMBER
Classification number 792
100 ## - MAIN ENTRY--PERSONAL NAME
Personal name Bajeli, Diwan Singh
245 ## - TITLE STATEMENT
Title Yatrik:
Statement of responsibility, etc by Diwan Singh Bajeli; ed. by Indu ramchandani; Bhaskar Ghose; Sunit Tandon and Ranjit Mathur
Remainder of title a journey into theatrical art /
260 ## - PUBLICATION, DISTRIBUTION, ETC. (IMPRINT)
Place of publication, distribution, etc New Delhi
Name of publisher, distributor, etc Niyogi Books
Date of publication, distribution, etc 2018
270 ## - ADDRESS
Address Block D, Building No. 77, Okhla Industrial Area, Phase-I
City New Delhi
Postal code 110020
300 ## - PHYSICAL DESCRIPTION
Extent 268p.
Dimensions 23cm(Hb)
Other physical details ill.
500 ## - GENERAL NOTE
General note It includes index of names
700 ## - ADDED ENTRY--PERSONAL NAME
Personal name ramchandani, Indu
700 ## - ADDED ENTRY--PERSONAL NAME
Personal name Ghose, Bhaskar
700 ## - ADDED ENTRY--PERSONAL NAME
Personal name Tandon, Sunit
700 ## - ADDED ENTRY--PERSONAL NAME
Personal name Mathur, Ranjit
942 ## - ADDED ENTRY ELEMENTS (KOHA)
Source of classification or shelving scheme Dewey Decimal Classification
Item type English Books
Call number suffix BAJ
Classification part 792
Holdings
Withdrawn status Lost status Not for loan Collection code Home library Current library Date acquired Source of acquisition Cost, normal purchase price Full call number Barcode Copy number Cost, replacement price Koha item type
    Not For Loan Non-fiction D.B.Act.Division Patel Nagar 09/08/2018 DBAD/PUB 695.00 792 BAJ EN-107236 1 695.00 English Books

© Delhi Public Library
Hit Counter
free hit counter